Handbook of facility assessment /

Bibliographic Details
Main Author: Piper, James E.
Corporate Author: NetLibrary, Inc
Format: eBook
Language:English
Published: Lilburn, Ga. : Fairmont Press, [2004]
Subjects:
Online Access:Connect to the full text of this electronic book

MARC

Tag First Indicator Second Indicator Subfields
LEADER 00000cam a22000004a 4500
001 in00002004653
005 20220105141807.0
006 m d
007 cr cnu---unuuu
008 040528s2004 gau sf 001 0 eng d
020 |a 088173473X (electronic bk.) 
035 |a (OCoLC)ocm55505417 
040 |a N$T  |c N$T  |d UtOrBLW 
049 |a IKMN 
050 1 4 |a TH439  |b .P573 2004eb 
082 0 4 |a 658.2  |2 22 
100 1 |a Piper, James E.  |0 http://id.loc.gov/authorities/names/n94073384 
245 1 0 |a Handbook of facility assessment /  |c James Piper. 
264 1 |a Lilburn, Ga. :  |b Fairmont Press,  |c [2004] 
264 2 |a New York :  |b Distributed by M. Dekker 
264 4 |c ©2004 
300 |a 452 pages ;  |c 24 cm. 
336 |a text  |b txt  |2 rdacontent 
337 |a computer  |b c  |2 rdamedia 
338 |a online resource  |b cr  |2 rdacarrier 
500 |a Includes index. 
533 |a Electronic reproduction.  |b Boulder, Colo. :  |c NetLibrary,  |d 2004.  |n Available via World Wide Web.  |n Access may be limited to NetLibrary affiliated libraries. 
500 |a Electronic resource. 
650 0 |a Building inspection  |v Handbooks, manuals, etc.  |0 http://id.loc.gov/authorities/subjects/sh2009117790 
655 7 |a Electronic books.  |2 local 
710 2 |a NetLibrary, Inc.  |0 http://id.loc.gov/authorities/names/no99080690 
776 1 |c Original  |z 0881733210  |z 0824709322  |w (DLC) 2003064271  |w (OCoLC)53441544 
856 4 1 |u https://proxy.library.tamu.edu/login?url=http://www.netLibrary.com/urlapi.asp?action=summary&v=1&bookid=107522  |z Connect to the full text of this electronic book  |t 0 
994 |a 92  |b IKM 
999 |a MARS 
999 f f |s 86302f85-4bf1-31b8-a124-8acee5f2d51f  |i 5bd4a884-388b-31c1-ac16-c393f9222a88  |t 0 
952 f f |a Texas A&M University  |b College Station  |c Electronic Resources  |d Available Online  |t 0  |e TH439 .P573 2004eb  |h Library of Congress classification 
998 f f |a TH439 .P573 2004eb  |t 0  |l Available Online